Diseño de un sistema para la contratación, supervisión y control de los servicios de mantenimiento en la Caja Costarricense del Seguro Social
Guardado en:
| Hovedforfatter: | |
|---|---|
| Format: | Bog |
| Udgivet: |
San José, Costa Rica
1987
|
| Fag: | |
| Tags: |
Tilføj Tag
Ingen Tags, Vær først til at tagge denne postø!
|
MARC
| LEADER | 00000nam a2200000Ia 4500 | ||
|---|---|---|---|
| 003 | 007219 | ||
| 005 | 20221231144309.0 | ||
| 008 | 140114s1987 cr a m 000 ||s d | ||
| 040 | |c cru CEDI | ||
| 090 | |a TFG 2962 | ||
| 100 | |a Salas Ross, Antonio Ricardo |9 11700 | ||
| 245 | |a Diseño de un sistema para la contratación, supervisión y control de los servicios de mantenimiento en la Caja Costarricense del Seguro Social | ||
| 260 | |c 1987 |a San José, Costa Rica | ||
| 300 | |a ix, 228 hojas : ilustraciones ; 28 cm | ||
| 500 | |a Proyecto de graduacion (licenciatura en ingenieria industrial)--Universidad de Costa Rica. Facultad de Ingeniería. Escuela de Ingeniería Industrial | ||
| 650 | |x CAJA COSTARRICENSE DE SEGURO SOCIAL (SAN JOSE).. DEPARTAMENTO DE CONSERVACION Y MANTENIMIENTO |9 11701 | ||
| 942 | |c TFG | ||
| 999 | |c 19764 |d 19764 | ||
